The major works

Zapisane w:
Opis bibliograficzny
1. autor: Mann, Thomas
Format: Książka
Język:Undetermined
Wydane: New York, Estados Unidos Monarch Press 1965
Hasła przedmiotowe:
Etykiety: Dodaj etykietę
Nie ma etykietki, Dołącz pierwszą etykiete!

MARC

LEADER 00000nam a2200000Ia 4500
008 170316s9999 xx 000 0 und d
040 |a cru BVZT 
090 |a 830 M-2m 
100 |a Mann, Thomas 
245 4 |a The major works 
260 |a New York, Estados Unidos 
260 |b Monarch Press 
260 |c 1965 
300 |a 143 páginas 
650 |a LITERATURA ALEMANA 
650 |a CRÍTICA 
999 |c 7397  |d 7397 
942 |c 15 D  |h 830 M-2m  |2 z